[Event "Nancy Rapid op 22nd"]
[Site "Meurthe et Moselle"]
[Date "2024.02.18"]
[Round "9"]
[White "Bruned, Yvalin"]
[Black "Devallee, Jeremie"]
[Result "0-1"]
[WhiteElo "2286"]
[BlackElo "2221"]
[PlyCount "57"]
[EventDate "2024.02.18"]
[EventType "swiss (rapid)"]
[EventRounds "9"]
[EventCountry "FRA"]
[SourceTitle "CB08_2024"]
[SourceDate "2024.02.21"]
[SourceVersion "1"]
[SourceVersionDate "2024.02.21"]
[SourceQuality "1"]

1. b3 e5 2. Bb2 Nc6 3. e3 d5 4. Bb5 Bd6 5. f4 Qh4+ 6. g3 Qe7 7. Nf3 f6 8. Nc3 Be6 9. fxe5 fxe5 10. e4 Nf6 11. exd5 Nxd5 12. Nxd5 Bxd5 13. 0-0 0-0-0 14. Bc4 e4 15. Bxd5 Bc5+ 16. Kh1 Rxd5 17. Nh4 Qd7 18. Qe2 Re8 19. Bc3 Bd4 20. Bxd4 Nxd4 21. Qc4 g5 22. Ng2 Nf3 23. Rf2 Rxd2 24. Rxd2 Qxd2 25. Rf1 g4 26. Qa4 Re5 27. Qxa7 Rh5 28. Qa8+ Kd7 29. Qa4+ 0-1

[Event "Nancy Rapid op 22nd"]
[Site "Meurthe et Moselle"]
[Date "2024.02.18"]
[Round "3"]
[White "Bruned, Yvalin"]
[Black "Gharamian, Tigran"]
[Result "0-1"]
[WhiteElo "2286"]
[BlackElo "2588"]
[PlyCount "270"]
[EventDate "2024.02.18"]
[EventType "swiss (rapid)"]
[EventRounds "9"]
[EventCountry "FRA"]
[SourceTitle "CB08_2024"]
[SourceDate "2024.02.21"]
[SourceVersion "1"]
[SourceVersionDate "2024.02.21"]
[SourceQuality "1"]

1. b3 Nf6 2. Bb2 g6 3. Bxf6 exf6 4. c4 d5 5. cxd5 Qxd5 6. Nc3 Qa5 7. a3 c6 8. b4 Qc7 9. g3 h5 10. h4 Bd6 11. Ne4 Be7 12. e3 0-0 13. Bg2 a5 14. bxa5 Rxa5 15. a4 Rd8 16. Ne2 Bg4 17. 0-0 Nd7 18. d4 Rda8 19. N4c3 Nb6 20. Qc2 Nxa4 21. Rxa4 Rxa4 22. Nxa4 Bxe2 23. Qxe2 Rxa4 24. Rb1 Kg7 25. Qb2 Ra7 26. Qc2 Bd6 27. Qb2 Qd8 28. Qc2 Qe7 29. Qb2 Qc7 30. Qc2 Ra8 31. Qb2 Rb8 32. Qc2 Rc8 33. Qc4 b5 34. Qb3 b4 35. Rc1 Qb6 36. Bf3 Rc7 37. Kg2 Qb5 38. Ra1 c5 39. dxc5 Qxc5 40. Rd1 Be5 41. Rd8 Ra7 42. Qd3 Qe7 43. Ra8 Rd7 44. Qc4 f5 45. Qc8 Kh7 46. Qc4 Bf6 47. Qb3 Rc7 48. Rb8 Bc3 49. Qd5 Kg7 50. Qb5 Ra7 51. Re8 Qd7 52. Qb8 Kh7 53. Rd8 Qc7 54. Qxc7 Rxc7 55. Rb8 Kg7 56. Bd1 Ra7 57. Bb3 Ra3 58. Bc4 Ra7 59. Kf3 Kf6 60. Rb6+ Ke7 61. Bd5 Rd7 62. Bc4 Rc7 63. Bb3 Rd7 64. Bc4 Kf8 65. Rb8+ Kg7 66. Rb6 Be1 67. Ke2 Bc3 68. Kf3 Ra7 69. Bd5 Kf8 70. Rb5 Ke8 71. Rb6 Ke7 72. Bc4 Rd7 73. Bb3 Rc7 74. Bd5 Ra7 75. Bb3 Kd8 76. Bc4 Kc7 77. Rb5 Kd6 78. Bb3 Rc7 79. Ke2 Ke7 80. Kf3 Rd7 81. Bc4 Kf8 82. Rb8+ Kg7 83. Rb5 Ra7 84. Bb3 f6 85. Bc4 Rc7 86. Bb3 Rd7 87. Bc4 Kh6 88. Rb6 Rc7 89. Bb3 Ra7 90. Bc4 Rd7 91. Rb5 Rd2 92. Rb7 Rd8 93. Rb6 Rc8 94. Bb3 Ra8 95. Rb7 g5 96. hxg5+ fxg5 97. Rb6+ Kg7 98. Rb5 Kf6 99. Rb6+ Ke7 100. Rb5 Rf8 101. Rb7+ Kd6 102. Rh7 Ra8 103. Rxh5 Ra3 104. Bg8 b3 105. Bxb3 Rxb3 106. Rxg5 Ke6 107. g4 fxg4+ 108. Rxg4 Rb2 109. Re4+ Kd5 110. Rf4 Be1 111. Kg2 Ke5 112. Rf3 Bd2 113. Rg3 Ke4 114. Rg4+ Kf5 115. Rf4+ Kg5 116. Re4 Kf6 117. Rf4+ Ke5 118. Rf3 Ke4 119. Rf4+ Kd3 120. Rf3 Ke2 121. Rf4 Rb8 122. Rf3 Re8 123. Rg3 Rf8 124. f4 Bxe3 125. Rf3 Bxf4 126. Rb3 Rg8+ 127. Kh3 Be3 128. Kh4 Kf3 129. Kh5 Rg5+ 130. Kh4 Ra5 131. Rb4 Rc5 132. Rb3 Ra5 133. Rc3 Rb5 134. Ra3 Rb1 135. Kh5 Rb6 0-1

[Event "Titled Tuesday intern op 31st Jan Early"]
[Site "Chess.com INT"]
[Date "2023.01.31"]
[Round "7"]
[White "Bruned, Yvalin"]
[Black "Yelisieiev, Yevhenii"]
[Result "0-1"]
[WhiteElo "2286"]
[BlackElo "2403"]
[PlyCount "58"]
[EventDate "2023.01.31"]
[EventType "swiss (blitz)"]
[EventRounds "11"]
[EventCountry "USA"]
[SourceTitle "CBM 212 Extra"]
[Source "ChessBase"]
[SourceDate "2023.03.31"]
[SourceVersion "1"]
[SourceVersionDate "2023.03.31"]
[SourceQuality "1"]

1. b3 d6 2. Bb2 Nf6 3. Bxf6 exf6 4. c4 g6 5. Nc3 Bg7 6. g3 f5 7. Bg2 0-0 8. e3 c6 9. Nge2 d5 10. cxd5 cxd5 11. Bxd5 Nc6 12. 0-0 Nb4 13. Bg2 Nd3 14. Qb1 Rb8 15. Nc1 Nxc1 16. Qxc1 Qd3 17. Rd1 b5 18. Bf1 Qd7 19. d4 b4 20. Na4 Rd8 21. Qc2 Bb7 22. Nc5 Qc6 23. d5 Rxd5 24. Rxd5 Qxd5 25. Nxb7 Bxa1 26. Bg2 Qe5 27. h4 h5 28. Kh2 Bc3 29. Bf3 Qc7 0-1

[Event "Titled Tuesday intern op 31st Jan Early"]
[Site "Chess.com INT"]
[Date "2023.01.31"]
[Round "3"]
[White "Bruned, Yvalin"]
[Black "Zaichenko, Daria"]
[Result "1/2-1/2"]
[WhiteElo "2286"]
[BlackElo "2104"]
[PlyCount "108"]
[EventDate "2023.01.31"]
[EventType "swiss (blitz)"]
[EventRounds "11"]
[EventCountry "USA"]
[SourceTitle "CBM 212 Extra"]
[Source "ChessBase"]
[SourceDate "2023.03.31"]
[SourceVersion "1"]
[SourceVersionDate "2023.03.31"]
[SourceQuality "1"]

1. b3 d5 2. Bb2 c5 3. e3 Nc6 4. Bb5 Bd7 5. Nf3 Nf6 6. Bxc6 Bxc6 7. Ne5 e6 8. Nxc6 bxc6 9. 0-0 Be7 10. d3 0-0 11. Nd2 Nd7 12. f4 f5 13. Qe2 Bf6 14. Bxf6 Qxf6 15. Nf3 e5 16. fxe5 Nxe5 17. Nxe5 Qxe5 18. Rae1 Rae8 19. Qf2 Qc3 20. Re2 d4 21. exd4 Rxe2 22. Qxe2 cxd4 23. Qe6+ Kh8 24. Rxf5 Qa1+ 25. Kf2 Rxf5+ 26. Qxf5 h6 27. Qc8+ Kh7 28. Qxc6 Qxa2 29. Qe4+ Kh8 30. Qe8+ Kh7 31. Qe4+ Kh8 32. Qc6 Qb2 33. Qe8+ Kh7 34. Qe4+ Kh8 35. Qe2 Qc1 36. h3 Qf4+ 37. Qf3 Qd2+ 38. Qe2 Qf4+ 39. Kg1 Qc1+ 40. Kh2 a5 41. Qe8+ Kh7 42. Qe4+ Kh8 43. Qxd4 Qxc2 44. Qd8+ Kh7 45. Qxa5 Qxd3 46. Qa4 Qd6+ 47. Kg1 Qd1+ 48. Kf2 Qd2+ 49. Kg3 Qe3+ 50. Kh2 Qe5+ 51. Kg1 Qe1+ 52. Kh2 Qe5+ 53. Kg1 Qe1+ 54. Kh2 Qe5+ 1/2-1/2

[Event "Titled Tuesday intern op 31st Jan Early"]
[Site "Chess.com INT"]
[Date "2023.01.31"]
[Round "8"]
[White "Mammadzada, Gunay Vuqar Qizi"]
[Black "Bruned, Yvalin"]
[Result "0-1"]
[WhiteElo "2472"]
[BlackElo "2286"]
[PlyCount "94"]
[EventDate "2023.01.31"]
[EventType "swiss (blitz)"]
[EventRounds "11"]
[EventCountry "USA"]
[SourceTitle "CBM 212 Extra"]
[Source "ChessBase"]
[SourceDate "2023.03.31"]
[SourceVersion "1"]
[SourceVersionDate "2023.03.31"]
[SourceQuality "1"]

1. e4 b6 2. d4 Bb7 3. Bd3 e6 4. c4 Bb4+ 5. Bd2 Bxd2+ 6. Qxd2 d6 7. Nc3 Nd7 8. Nge2 e5 9. 0-0 Ngf6 10. f4 0-0 11. fxe5 dxe5 12. d5 a5 13. Ng3 Nc5 14. Bc2 Bc8 15. b3 Qe7 16. h3 Bd7 17. Rf2 Ne8 18. Raf1 f6 19. Nd1 Nd6 20. Ne3 Qe8 21. Nef5 Bxf5 22. exf5 Qe7 23. a3 Na6 24. Bd3 Nb7 25. Qc1 Nac5 26. Bc2 Na6 27. Re1 Kh8 28. Re4 Nbc5 29. Rh4 Rad8 30. Nh5 Nb7 31. Rf3 Nd6 32. Rg3 Rg8 33. Rg6 Nf7 34. Ng3 Nh6 35. Kh1 Nc5 36. Kh2 Nb7 37. Qe3 Nd6 38. b4 axb4 39. axb4 Ndf7 40. c5 bxc5 41. bxc5 Rxd5 42. Bb3 Qxc5 43. Qf3 Rd7 44. Bxf7 Rxf7 45. Rgxh6 gxh6 46. Rxh6 Qf8 47. Rh5 Rfg7 0-1

[Event "Titled Tuesday intern op 08th Feb Early"]
[Site "Chess.com INT"]
[Date "2022.02.08"]
[Round "3"]
[White "Bruned, Yvalin"]
[Black "Kosakowski, Jakub"]
[Result "0-1"]
[WhiteElo "2286"]
[BlackElo "2442"]
[PlyCount "56"]
[EventDate "2022.02.08"]
[EventType "swiss (blitz)"]
[EventRounds "11"]
[EventCountry "USA"]
[SourceTitle "CBM 206 Extra"]
[Source "ChessBase"]
[SourceDate "2022.03.31"]
[SourceVersion "1"]
[SourceVersionDate "2022.03.31"]
[SourceQuality "1"]

1. b3 g6 2. Bb2 Nf6 3. Bxf6 exf6 4. c4 d5 5. cxd5 Qxd5 6. Nc3 Qa5 7. a3 c6 8. b4 Qd8 9. e3 f5 10. d4 Bg7 11. Nge2 0-0 12. g3 a5 13. Bg2 Qd6 14. b5 Be6 15. bxc6 bxc6 16. 0-0 Nd7 17. a4 Rab8 18. Rb1 Rb4 19. Nf4 Bc4 20. Re1 Rfb8 21. Qc2 c5 22. dxc5 Nxc5 23. Na2 Bb3 24. Qe2 Rxa4 25. Nc3 Bxc3 26. Rec1 Bg7 27. Qe1 Rab4 28. Ra1 Bxa1 0-1

[Event "Titled Tuesday intern op 08th Feb Early"]
[Site "Chess.com INT"]
[Date "2022.02.08"]
[Round "5"]
[White "Budrewicz, Krzysztof"]
[Black "Bruned, Yvalin"]
[Result "1-0"]
[WhiteElo "2183"]
[BlackElo "2286"]
[PlyCount "23"]
[EventDate "2022.02.08"]
[EventType "swiss (blitz)"]
[EventRounds "11"]
[EventCountry "USA"]
[SourceTitle "CBM 206 Extra"]
[Source "ChessBase"]
[SourceDate "2022.03.31"]
[SourceVersion "1"]
[SourceVersionDate "2022.03.31"]
[SourceQuality "1"]

1. d4 b6 2. e4 Bb7 3. Bd3 e6 4. Nf3 d5 5. exd5 Qxd5 6. Nc3 Bb4 7. 0-0 Bxc3 8. bxc3 Nf6 9. c4 Qh5 10. Ne5 Nbd7 11. Nxd7 Nxd7 12. Qxh5 1-0

[Event "Titled Tuesday intern op 08th Feb Early"]
[Site "Chess.com INT"]
[Date "2022.02.08"]
[Round "1"]
[White "Ter Sahakyan, Samvel"]
[Black "Bruned, Yvalin"]
[Result "1/2-1/2"]
[WhiteElo "2632"]
[BlackElo "2286"]
[PlyCount "155"]
[EventDate "2022.02.08"]
[EventType "swiss (blitz)"]
[EventRounds "11"]
[EventCountry "USA"]
[SourceTitle "CBM 206 Extra"]
[Source "ChessBase"]
[SourceDate "2022.03.31"]
[SourceVersion "1"]
[SourceVersionDate "2022.03.31"]
[SourceQuality "1"]

1. Nf3 b6 2. d4 Bb7 3. c4 e6 4. g3 Bb4+ 5. Nc3 Bxc3+ 6. bxc3 Nf6 7. Bg2 0-0 8. 0-0 d6 9. Re1 Nbd7 10. Bf1 h6 11. Nd2 Ne4 12. Nxe4 Bxe4 13. f3 Bb7 14. e4 e5 15. g4 Qe7 16. a4 a5 17. Ra2 g5 18. h4 f6 19. Rh2 Kg7 20. Bd3 Rh8 21. Kf2 Rh7 22. Reh1 Rah8 23. Qb3 Kf8 24. Rh3 Bc6 25. Be3 Kg7 26. Bc2 Bb7 27. R1h2 Bc6 28. Qb1 Bb7 29. Bb3 Bc6 30. Qh1 Nf8 31. Ke2 Qd7 32. Qd1 Qe7 33. Kd2 Nd7 34. Kc1 Bb7 35. Kb2 Bc6 36. Qh1 Nf8 37. Qg1 Nd7 38. Qf2 Bb7 39. Rh1 Bc6 40. R1h2 Bb7 41. Qe1 Bc6 42. Qh1 Nf8 43. hxg5 hxg5 44. Rh5 Be8 45. Rxh7+ Rxh7 46. Rxh7+ Nxh7 47. c5 dxc5 48. dxc5 bxc5 49. Qg1 c4 50. Bxc4 Bxa4 51. Qa1 Qe8 52. Qa3 Nf8 53. Qc5 Ne6 54. Qxa5 Qb8+ 55. Qb4 Qxb4+ 56. cxb4 Nd4 57. Bxd4 exd4 58. Kc1 Kf8 59. Kd2 Ke7 60. Kd3 Bd1 61. Kxd4 Bxf3 62. e5 Bxg4 63. exf6+ Kxf6 64. Bd5 Bd7 65. Bf3 g4 66. Bg2 Kg5 67. Kc5 Kf4 68. Bd5 Bf5 69. b5 Bd7 70. Bg2 Kg3 71. Be4 Kf4 72. Bd5 g3 73. Bg2 Ke3 74. Bd5 Kf2 75. Be4 g2 76. Bxg2 Kxg2 77. b6 cxb6+ 78. Kxb6 1/2-1/2

[Event "Titled Tuesday intern op 08th Feb Early"]
[Site "Chess.com INT"]
[Date "2022.02.08"]
[Round "2"]
[White "Tsvetkov, Andrey1111"]
[Black "Bruned, Yvalin"]
[Result "0-1"]
[WhiteElo "2384"]
[BlackElo "2286"]
[PlyCount "120"]
[EventDate "2022.02.08"]
[EventType "swiss (blitz)"]
[EventRounds "11"]
[EventCountry "USA"]
[SourceTitle "CBM 206 Extra"]
[Source "ChessBase"]
[SourceDate "2022.03.31"]
[SourceVersion "1"]
[SourceVersionDate "2022.03.31"]
[SourceQuality "1"]

1. f4 b6 2. e4 Bb7 3. Nc3 e6 4. d4 Bb4 5. Bd3 f5 6. Qe2 Bxc3+ 7. bxc3 fxe4 8. Bxe4 Bxe4 9. Qxe4 Nc6 10. Nf3 Nf6 11. Qe2 0-0 12. c4 Qe8 13. 0-0 Qg6 14. Ba3 Rfe8 15. Rad1 Qe4 16. Qd2 d5 17. Rfe1 Qf5 18. cxd5 exd5 19. Qc3 Qd7 20. Ne5 Nxe5 21. dxe5 Ng4 22. Qf3 Rad8 23. Kh1 c5 24. e6 Rxe6 25. Rxe6 Qxe6 26. f5 Qe4 27. Qg3 Qxf5 28. Re1 Rf8 29. h3 Nf2+ 30. Kh2 Ne4 31. Qc7 Qf4+ 32. Qxf4 Rxf4 33. c4 Nf6 34. cxd5 Nxd5 35. Re8+ Rf8 36. Re5 Rd8 37. Bb2 Kf7 38. Rf5+ Nf6 39. Rf2 h6 40. g4 Kg6 41. Kg3 Rd3+ 42. Kg2 c4 43. Rc2 b5 44. a4 a6 45. axb5 axb5 46. Be5 Ne4 47. Bf4 c3 48. Kf1 b4 49. Ke1 b3 50. Ke2 Rd5 51. Rc1 c2 52. Ke3 Nf6 53. g5 hxg5 54. Rg1 b2 55. Kf3 b1Q 56. Bc1 Rd1 57. Kg2 Rxg1+ 58. Kh2 Qxc1 59. h4 Qf4+ 60. Kh3 Qxh4# 0-1

[Event "Titled Tuesday intern op 25th Jan"]
[Site "Chess.com INT"]
[Date "2022.01.25"]
[Round "2"]
[White "Bruned, Yvalin"]
[Black "P, Komal Kishore"]
[Result "1-0"]
[WhiteElo "2286"]
[BlackElo "2086"]
[PlyCount "65"]
[EventDate "2022.01.25"]
[EventType "swiss (blitz)"]
[EventRounds "11"]
[EventCountry "USA"]
[SourceTitle "CBM 206 Extra"]
[Source "ChessBase"]
[SourceDate "2022.03.31"]
[SourceVersion "1"]
[SourceVersionDate "2022.03.31"]
[SourceQuality "1"]

1. b3 d5 2. Bb2 Nf6 3. e3 c6 4. Bxf6 exf6 5. g3 Bd6 6. Bg2 0-0 7. Ne2 Bg4 8. 0-0 Qd7 9. d4 Re8 10. c4 Qf5 11. Nbc3 Bf3 12. Bxf3 Qxf3 13. cxd5 cxd5 14. Nf4 Qxd1 15. Rfxd1 Bxf4 16. gxf4 Rd8 17. Rac1 a6 18. Nxd5 Nc6 19. Nb6 Rab8 20. a3 Kf8 21. b4 g6 22. d5 Ne7 23. e4 f5 24. f3 Nc8 25. Nc4 b5 26. Na5 Na7 27. Rc7 Ra8 28. Rdc1 Rd6 29. Nb7 Rf6 30. e5 Rb6 31. d6 h5 32. Nc5 Nc6 33. Nd7+ 1-0

[Event "Titled Tuesday intern op 25th Jan"]
[Site "Chess.com INT"]
[Date "2022.01.25"]
[Round "1"]
[White "Siddharth, Jagadeesh"]
[Black "Bruned, Yvalin"]
[Result "1-0"]
[WhiteElo "2344"]
[BlackElo "2286"]
[PlyCount "25"]
[EventDate "2022.01.25"]
[EventType "swiss (blitz)"]
[EventRounds "11"]
[EventCountry "USA"]
[SourceTitle "CBM 206 Extra"]
[Source "ChessBase"]
[SourceDate "2022.03.31"]
[SourceVersion "1"]
[SourceVersionDate "2022.03.31"]
[SourceQuality "1"]

1. d4 b6 2. e4 Bb7 3. Bd3 e6 4. Nf3 d5 5. exd5 Qxd5 6. 0-0 Nf6 7. c4 Qd8 8. Nc3 Be7 9. Re1 0-0 10. Bf4 c5 11. d5 exd5 12. cxd5 a6 13. d6 1-0

[Event "Titled Tuesday intern op 18th Jan"]
[Site "Chess.com INT"]
[Date "2022.01.18"]
[Round "8"]
[White "Bazarov, Konstantin"]
[Black "Bruned, Yvalin"]
[Result "1-0"]
[WhiteElo "2226"]
[BlackElo "2286"]
[PlyCount "107"]
[EventDate "2022.01.18"]
[EventType "swiss (blitz)"]
[EventRounds "11"]
[EventCountry "USA"]
[SourceTitle "CBM 206 Extra"]
[Source "ChessBase"]
[SourceDate "2022.03.31"]
[SourceVersion "1"]
[SourceVersionDate "2022.03.31"]
[SourceQuality "1"]

1. Nf3 b6 2. e4 Bb7 3. Nc3 e6 4. a3 d5 5. exd5 exd5 6. d4 Nf6 7. Bd3 Be7 8. 0-0 0-0 9. Bg5 Nbd7 10. Re1 Re8 11. Qd2 c6 12. Re2 h6 13. Bf4 Bf8 14. Rae1 Rxe2 15. Rxe2 a6 16. h3 c5 17. Bf5 c4 18. Ne5 b5 19. Qe3 Nxe5 20. Bxe5 Nd7 21. Bf4 Nf6 22. Qf3 Qb6 23. Rd2 Re8 24. Be5 Bc8 25. Bxc8 Rxc8 26. Bxf6 Qxf6 27. Qxf6 gxf6 28. Nxd5 Bg7 29. Ne3 Re8 30. c3 Bf8 31. Nf5 Re1+ 32. Kh2 h5 33. h4 Kh7 34. Kg3 Kg6 35. Kf4 Rg1 36. g3 Re1 37. Ne3 Bd6+ 38. Kf3 Rh1 39. d5 f5 40. Nc2 Rb1 41. Nd4 Kf6 42. Nc6 Rc1 43. Nb4 Bxb4 44. axb4 Ke7 45. d6+ Kd7 46. Kf4 a5 47. bxa5 Ra1 48. Kxf5 Rxa5 49. Kf6 b4 50. cxb4 Rb5 51. Kxf7 Rxb4 52. Kg6 Rb5 53. f4 Ke6 54. d7 1-0

[Event "Titled Tuesday intern op 18th Jan"]
[Site "Chess.com INT"]
[Date "2022.01.18"]
[Round "10"]
[White "Bruned, Yvalin"]
[Black "Cagara, Paulina"]
[Result "1-0"]
[WhiteElo "2286"]
[BlackElo "2045"]
[PlyCount "147"]
[EventDate "2022.01.18"]
[EventType "swiss (blitz)"]
[EventRounds "11"]
[EventCountry "USA"]
[SourceTitle "CBM 206 Extra"]
[Source "ChessBase"]
[SourceDate "2022.03.31"]
[SourceVersion "1"]
[SourceVersionDate "2022.03.31"]
[SourceQuality "1"]

1. b3 f5 2. Bb2 Nf6 3. Bxf6 exf6 4. c4 Bc5 5. Nc3 0-0 6. g3 c6 7. Bg2 Qe7 8. e3 Na6 9. Nge2 Nb4 10. d4 Bb6 11. 0-0 d6 12. a3 Na6 13. b4 Bc7 14. b5 Nb8 15. bxc6 bxc6 16. Rb1 Ba6 17. Qb3 Bb6 18. Qa4 Kh8 19. Bxc6 Nxc6 20. Qxa6 Na5 21. Rfc1 Rfc8 22. Nd5 Qe4 23. c5 dxc5 24. dxc5 Qxd5 25. cxb6 Rxc1+ 26. Rxc1 axb6 27. Rc8+ Rxc8 28. Qxc8+ Qg8 29. Qxf5 h6 30. Qb5 Qd8 31. Nd4 Qd6 32. a4 Kh7 33. h4 Kh8 34. Kg2 g5 35. hxg5 hxg5 36. Qe8+ Kh7 37. Qf7+ Kh8 38. Nf5 Qc6+ 39. Kh2 Qb7 40. Qxf6+ Kh7 41. Qh6+ Kg8 42. Qxg5+ Kf8 43. Qf6+ Kg8 44. Nh6+ Kh7 45. Nf5 Nc4 46. Qe7+ Qxe7 47. Nxe7 Nb2 48. Nd5 Nxa4 49. g4 b5 50. Nb4 Nc5 51. f3 Kg6 52. Kg3 Nb3 53. f4 Nd2 54. Nd3 Ne4+ 55. Kf3 Nd2+ 56. Ke2 Ne4 57. Nb4 Kf6 58. Kd3 Nf2+ 59. Kd4 Nxg4 60. e4 Nf2 61. Nd5+ Ke6 62. f5+ Kf7 63. e5 Ng4 64. e6+ Ke8 65. f6 Nxf6 66. Nxf6+ Ke7 67. Ke5 b4 68. Nd5+ Ke8 69. Nxb4 Ke7 70. Kd5 Ke8 71. Kd6 Kd8 72. Nc6+ Ke8 73. e7 Kf7 74. Kd7 1-0

[Event "Titled Tuesday intern op 18th Jan"]
[Site "Chess.com INT"]
[Date "2022.01.18"]
[Round "7"]
[White "Mejia, Cherry Ann"]
[Black "Bruned, Yvalin"]
[Result "1/2-1/2"]
[WhiteElo "1948"]
[BlackElo "2286"]
[PlyCount "107"]
[EventDate "2022.01.18"]
[EventType "swiss (blitz)"]
[EventRounds "11"]
[EventCountry "USA"]
[SourceTitle "CBM 206 Extra"]
[Source "ChessBase"]
[SourceDate "2022.03.31"]
[SourceVersion "1"]
[SourceVersionDate "2022.03.31"]
[SourceQuality "1"]

1. e4 b6 2. d3 Bb7 3. Bg5 h6 4. Bh4 g6 5. f4 Bg7 6. c3 d6 7. Nf3 Nd7 8. Be2 Ngf6 9. 0-0 0-0 10. Nbd2 e5 11. f5 g5 12. Bg3 Qe7 13. Nc4 c6 14. Ne3 d5 15. exd5 cxd5 16. Re1 Rfe8 17. Bf1 e4 18. dxe4 Nxe4 19. Bf2 Ndf6 20. Nd4 Qe5 21. Nf3 Qc7 22. h3 Rad8 23. Nd4 Nxf2 24. Kxf2 Ne4+ 25. Kg1 Qg3 26. Qf3 Qxf3 27. gxf3 Nf6 28. Ng4 h5 29. Nxf6+ Bxf6 30. Kf2 Kg7 31. Rxe8 Rxe8 32. Re1 Rxe1 33. Kxe1 Bxd4 34. cxd4 f6 35. Kf2 Kf7 36. Kg3 Bc8 37. Bd3 Kg7 38. f4 Kh6 39. h4 gxh4+ 40. Kxh4 Bd7 41. a3 a5 42. Be2 Bxf5 43. Bxh5 Be4 44. Bf7 Kg7 45. Bh5 Kf8 46. Bg4 Ke7 47. Kh5 Kf7 48. Kh6 f5 49. Bh5+ Kf6 50. Be2 Bb1 51. Bf3 Be4 52. Be2 Bh1 53. Bd3 Be4 54. Be2 1/2-1/2

[Event "Titled Tuesday intern op 18th Jan"]
[Site "Chess.com INT"]
[Date "2022.01.18"]
[Round "11"]
[White "Rodchenkov, Vitaly"]
[Black "Bruned, Yvalin"]
[Result "0-1"]
[WhiteElo "2330"]
[BlackElo "2286"]
[PlyCount "118"]
[EventDate "2022.01.18"]
[EventType "swiss (blitz)"]
[EventRounds "11"]
[EventCountry "USA"]
[SourceTitle "CBM 206 Extra"]
[Source "ChessBase"]
[SourceDate "2022.03.31"]
[SourceVersion "1"]
[SourceVersionDate "2022.03.31"]
[SourceQuality "1"]

1. Nf3 b6 2. e4 Bb7 3. Nc3 e6 4. d4 Bb4 5. Bd3 Nf6 6. e5 Nd5 7. 0-0 Nxc3 8. bxc3 Be7 9. a4 a5 10. Re1 d6 11. h4 h6 12. h5 Nd7 13. Bf4 0-0 14. Rb1 dxe5 15. Nxe5 Nxe5 16. Bxe5 Bf6 17. Qg4 Bxe5 18. Rxe5 Qf6 19. Rbe1 Rad8 20. R1e3 Kh8 21. c4 Rd6 22. c3 Rfd8 23. c5 bxc5 24. Rxc5 Rd5 25. Re5 Rxe5 26. Rxe5 Rd5 27. Rxd5 Bxd5 28. f3 Qg5 29. Qxg5 hxg5 30. Kf2 Kg8 31. Ke3 Kf8 32. g3 Ke7 33. f4 gxf4+ 34. gxf4 Bb3 35. Bb5 Bd1 36. c4 Bxh5 37. c5 Bd1 38. Ke4 f6 39. Ke3 Bc2 40. Kf3 g5 41. fxg5 fxg5 42. Kg4 Kf6 43. Bc6 Bf5+ 44. Kg3 Bc2 45. Kf3 Bb3 46. Kg4 Bd5 47. Bd7 Be4 48. Kg3 Kf5 49. Bb5 c6 50. Ba6 e5 51. Bc8+ Kf6 52. dxe5+ Kxe5 53. Kg4 Bc2 54. Kxg5 Bxa4 55. Bd7 Kd5 56. Kf4 Kxc5 57. Ke3 Kb4 58. Kd3 c5 59. Kd2 Bxd7 0-1

[Event "Speed Chess Super Swiss"]
[Site "Chess.com INT"]
[Date "2021.10.16"]
[Round "10"]
[White "Bruned, Yvalin"]
[Black "Isajevsky, Anton"]
[Result "1-0"]
[WhiteElo "2286"]
[BlackElo "2403"]
[PlyCount "72"]
[EventDate "2021.10.16"]
[EventType "swiss (blitz)"]
[EventRounds "15"]
[EventCountry "USA"]
[SourceTitle "CBM 204 Extra"]
[Source "ChessBase"]
[SourceDate "2021.11.30"]
[SourceVersion "1"]
[SourceVersionDate "2021.11.30"]
[SourceQuality "1"]

1. b3 a5 2. a4 d5 3. Bb2 Nf6 4. e3 e6 5. Nf3 Be7 6. Be2 0-0 7. 0-0 c5 8. d4 Nc6 9. Nbd2 b6 10. c4 Bb7 11. Rc1 Rc8 12. Qc2 cxd4 13. Nxd4 Nxd4 14. Bxd4 Ba3 15. Bb2 Qe7 16. Qb1 Rfd8 17. Rfd1 h6 18. h3 Bc5 19. cxd5 Nxd5 20. Nc4 Nb4 21. Rxd8+ Rxd8 22. Rd1 Rxd1+ 23. Qxd1 Qg5 24. Bf3 Bd5 25. Bxd5 exd5 26. Na3 Qf5 27. Nb5 Nd3 28. Qe2 Qe4 29. Bd4 Nb4 30. Qd1 g6 31. Nc7 Qf5 32. Nb5 Qe4 33. Nc3 Qf5 34. Ne2 Nd3 35. Ng3 Qe4 36. Nxe4 dxe4 1-0

[Event "Speed Chess Super Swiss"]
[Site "Chess.com INT"]
[Date "2021.10.16"]
[Round "6"]
[White "Liyanage, Ranindu Dilshan"]
[Black "Bruned, Yvalin"]
[Result "1-0"]
[WhiteElo "2273"]
[BlackElo "2286"]
[PlyCount "41"]
[EventDate "2021.10.16"]
[EventType "swiss (blitz)"]
[EventRounds "15"]
[EventCountry "USA"]
[SourceTitle "CBM 204 Extra"]
[Source "ChessBase"]
[SourceDate "2021.11.30"]
[SourceVersion "1"]
[SourceVersionDate "2021.11.30"]
[SourceQuality "1"]

1. e4 b6 2. d4 Bb7 3. Bd3 e6 4. c4 f5 5. exf5 Bxg2 6. Qh5+ g6 7. fxg6 Bg7 8. gxh7+ Kf8 9. Nh3 Bxh1 10. Nf4 Ne7 11. Be3 Qe8 12. Bg6 Qd8 13. Nd2 Nbc6 14. 0-0-0 Bg2 15. Rg1 Ng8 16. Rxg2 Nf6 17. Qh3 Ne7 18. Bd3 Qe8 19. Nf3 Nf5 20. Ng6+ Kf7 21. Nfe5# 1-0

[Event "Speed Chess Super Swiss"]
[Site "Chess.com INT"]
[Date "2021.10.16"]
[Round "12"]
[White "Mogirzan, Matei Valeriu"]
[Black "Bruned, Yvalin"]
[Result "1-0"]
[WhiteElo "1813"]
[BlackElo "2286"]
[PlyCount "83"]
[EventDate "2021.10.16"]
[EventType "swiss (blitz)"]
[EventRounds "15"]
[EventCountry "USA"]
[SourceTitle "CBM 204 Extra"]
[Source "ChessBase"]
[SourceDate "2021.11.30"]
[SourceVersion "1"]
[SourceVersionDate "2021.11.30"]
[SourceQuality "1"]

1. e4 b6 2. Bc4 e6 3. Nc3 Bb7 4. Qe2 c5 5. Nf3 Nc6 6. 0-0 Be7 7. a3 d6 8. b4 Nf6 9. e5 dxe5 10. Nxe5 Nxe5 11. Qxe5 0-0 12. Bb2 cxb4 13. axb4 Bxb4 14. Qg3 Bd6 15. Qg5 h6 16. Qh4 Be7 17. Qg3 a6 18. d4 b5 19. Bd3 Nd5 20. Ne4 Nf6 21. f3 Bd5 22. Rad1 Qb8 23. Qf2 Qb7 24. Bc1 Nxe4 25. fxe4 Bxe4 26. Be2 Bg6 27. Bf3 Be4 28. Be2 Rac8 29. Qg3 Bg6 30. Bf3 Qc7 31. Bf4 Qxc2 32. h4 h5 33. Be5 Qb3 34. Qf4 Rc2 35. Be4 Bxe4 36. Qxe4 Qb2 37. Rd3 Rc1 38. Rg3 Rxf1+ 39. Kxf1 Qc1+ 40. Kf2 f6 41. Bf4 Rf7 42. Bxc1 1-0